000 00459nam a2200157 i 4500
001 74458
003 ES-MaACL
005 20230906172135.0
007 t|
008 040920s1947 sp ||||1| spa d
100 1 _aGonzález Mas, Ezequiel.
_958797
245 1 0 _aSonetos al Greco, y a Van Gogh /
_cEzequiel González Mas.
260 _aMadrid :
_b[s.n.,
_c1947] (
_fTipografía Moderna)
300 _a16 p. ;
_c21 cm.
852 _aES-MaACL
_j1864-F-21
_bR.23899
999 _c74458
_d74458